<?xml version="1.0" encoding="UTF-8"?><?xml-stylesheet type="text/xsl" href="static/style.xsl"?><OAI-PMH xmlns="http://www.openarchives.org/OAI/2.0/" xmlns:xsi="http://www.w3.org/2001/XMLSchema-instance" xsi:schemaLocation="http://www.openarchives.org/OAI/2.0/ http://www.openarchives.org/OAI/2.0/OAI-PMH.xsd"><responseDate>2026-04-17T06:38:09Z</responseDate><request verb="GetRecord" identifier="oai:www.recercat.cat:2072/96964" metadataPrefix="marc">https://recercat.cat/oai/request</request><GetRecord><record><header><identifier>oai:recercat.cat:2072/96964</identifier><datestamp>2024-12-13T10:53:04Z</datestamp><setSpec>com_2072_96875</setSpec><setSpec>com_2072_96852</setSpec><setSpec>com_2072_2015</setSpec><setSpec>col_2072_96876</setSpec></header><metadata><record xmlns="http://www.loc.gov/MARC21/slim" xmlns:dcterms="http://purl.org/dc/terms/" xmlns:xsi="http://www.w3.org/2001/XMLSchema-instance" xmlns:doc="http://www.lyncode.com/xoai" xsi:schemaLocation="http://www.loc.gov/MARC21/slim http://www.loc.gov/standards/marcxml/schema/MARC21slim.xsd">
   <leader>00925njm 22002777a 4500</leader>
   <datafield ind2=" " ind1=" " tag="042">
      <subfield code="a">dc</subfield>
   </datafield>
   <datafield ind2=" " ind1=" " tag="720">
      <subfield code="a">Pérez Alarcón, Adoració</subfield>
      <subfield code="e">author</subfield>
   </datafield>
   <datafield ind2=" " ind1=" " tag="520">
      <subfield code="a">Aquest article defineix i dóna una visió general sobre què són les biblioteques digitals en el moment present: els desenvolupaments que es porten a terme arreu del món en aquest sentit, els avantatges de la generalització d'aquests processos, els beneficis a curt i a mitjà termini per a una gran part de la societat, especialment en el camp de la recerca, i els problemes que l'evolució tecnològica, econòmica, social, etc. constant, fan emergir entorn d'aquest camp.</subfield>
   </datafield>
   <datafield ind2=" " ind1=" " tag="520">
      <subfield code="a">Este artículo define y da una visión general sobre qué son las bibliotecas digitales en el momento presente: los desarrollos que se llevan a cabo en todo el mundo en este sentido, las ventajas de la generalización de estos procesos, los beneficios a corto y a medio plazo para una gran parte de la sociedad, especialmente en el campo de la búsqueda, y los problemas que la evolución tecnológica, económica, social, etc. constante, hacen emerger entorno a este campo.</subfield>
   </datafield>
   <datafield ind2=" " ind1=" " tag="520">
      <subfield code="a">This article defines and offers an overview of digital libraries at the present time: the developments taking place around the world to this effect, the advantages of generalization of these processes, the short- and medium-term benefits for a large part of society, especially in the field of research, and the problems that constant technological, economic and social, etc. evolution bring to the surface in connection with this field.</subfield>
   </datafield>
   <datafield ind1="8" ind2=" " tag="024">
      <subfield code="a">http://hdl.handle.net/10609/303</subfield>
   </datafield>
   <datafield tag="653" ind2=" " ind1=" ">
      <subfield code="a">Digital libraries</subfield>
   </datafield>
   <datafield tag="653" ind2=" " ind1=" ">
      <subfield code="a">Biblioteques digitals</subfield>
   </datafield>
   <datafield tag="653" ind2=" " ind1=" ">
      <subfield code="a">Bibliotecas digitales</subfield>
   </datafield>
   <datafield ind2="0" ind1="0" tag="245">
      <subfield code="a">La biblioteca digital</subfield>
   </datafield>
</record></metadata></record></GetRecord></OAI-PMH>